banner-ar

التاريخ الثقافى لليابان : نظرة شاملة / (Record no. 46577)

MARC details
000 -الفاتح
حقل البيانات ثابتة الطول 00636nam a2200205Ia 4500
008 - عناصر البيانات ثابتة الطول - معلومات عامة
حقل البيانات ثابتة الطول 140319s9999 xx 000 0 ara d
040 ## - مصدر الفهرسة
وكالة الفهرسة الأصلية GCL /
وكالة النسخ GCL
082 04 - رقم تصنيف ديوى العشرى
رقم التصنيف 952
رقم المادة ى ت
100 1# - المدخل الرئيسى - إسم شخصى
الإسم الشخصى تازاوا، يوتاكا
245 10 - بيان العنوان
العنوان التاريخ الثقافى لليابان : نظرة شاملة /
بيان المسئوليه,etc تازاوا، يوتاكا
700 1# - المدخل الاضافى - اسم شخصى
الإسم الشخصى مانسوبارا , سابورو
700 1# - المدخل الاضافى - اسم شخصى
الإسم الشخصى اوكودا , شونسوكى
700 1# - المدخل الاضافى - اسم شخصى
الإسم الشخصى ناجاهات , ياسونواى
300 ## - الوصف المادى
التعداد 120 ص
490 ## - بيان السلسلة
عنوان السلسلة
650 04 - المدخل الاضافى بالموضوع-مصطلح موضوعى
مصطلح موضوعي اليابان - تاريخ
650 04 - المدخل الاضافى بالموضوع-مصطلح موضوعى
مصطلح موضوعي اليابان - ثقافة
942 ## - عناصر المدخل الإضافي( كوها)
مصدر التصنيف او مخطط الترفيف Dewey Decimal Classification
Koha [default] item type كتاب
Holdings
حالة التراجع حالة الفقد حالة تلف ليس للاعارة المكان المؤقت الموقع الحالى تاريخ الاكتساب اجمالي اﻻعارات رقم الطلب الباركود تاريخ اخر مشاهدة تاريخ تفعيل السعر نوع وعاء كوها
        مكتبة القاهرة الكبرى مكتبة القاهرة الكبرى 03/26/2014   952\ى ت 113389 03/26/2014 03/26/2014 كتاب

Powered By

EGPV